Music Quiz

Random Music or Song Quiz

Taylor Swift's 'Fearless' Songs Quiz Stats

 Plays Quiz Updated Nov 21, 2016

Challenge
Share
Tweet
Embed
Score 0/13 Timer 04:00
1 Play Today
Track Number Track % Correct
1Fearless
94.9%
3Love Story
81.8%
6You Belong with Me
75.8%
2Fifteen
75.5%
5White Horse
72.7%
4Hey Stephen
66.4%
13Change
63.9%
7Breathe
61.3%
11Forever & Always
60.2%
12The Best Day
58.6%
9You're Not Sorry
57.6%
8Tell Me Why
52.2%
10The Way I Loved You
51.3%

You're not logged in!

Compare scores with friends on all Sporcle quizzes.
OR
Log In

You Might Also Like...

Show Comments

Extras

Top Quizzes Today


Score Distribution

Your Account Isn't Verified!

In order to create a playlist on Sporcle, you need to verify the email address you used during registration. Go to your Sporcle Settings to finish the process.

Report this User

Report this user for behavior that violates our Community Guidelines.

Details: